000 04392nam a2200253 4500
003 NALT
005 20250819150831.0
008 250813b th ||||| |||| 00| 0 tha d
040 _aNALT
090 _aKE 112.1
_bส226บ 2554
110 2 _aสำนักงานเลขาธิการสภาผู้แทนราษฎร.
_bสำนักกรรมาธิการ 2
_92414
245 1 0 _aบันทึกการพิจารณาเพื่อการสืบค้นเจตนารมณ์ร่างพระราชบัญญัติระเบียบข้าราชการกรุงเทพมหานครและบุคลากรกรุงเทพมหานคร พ.ศ. .... สภาผู้แทนราษฎร /
_cสำนักกรรมาธิการ 2 สำนักงานเลขาธิการสภาผู้แทนราษฎร ; อาริษา เสาวรส.
260 _aกรุงเทพฯ :
_bสำนักกรรมาธิการ 2 สำนักงานเลขาธิการสภาผู้แทนราษฎร,
_c2554.
300 _a1 เล่ม :
_bตาราง ;
_c29 ซม.
505 2 _aบทที่ 1 บทนำ -- 1. ร่างพระราชบัญญัติระเบียบข้าราชการกรุงเทพมหานคร และบุคลากรกรุงเทพมหานคร พ.ศ. .... (คณะรัฐมนตรี เป็นผู้เสนอ) -- 2. ร่างพระราชบัญญัติระเบียบข้าราชการกรุงเทพมหานคร และบุคลากรกรุงเทพมหานคร พ.ศ. .... (นายถวิล ไพรสณฑ์ กับคณะ เป็นผู้เสนอ) -- 3. ร่างพระราชบัญญัติระเบียบข้าราชการกรุงเทพมหานคร และบุคลากรกรุงเทพมหานคร พ.ศ. .... (นายสมัย เจริญช่าง กับคณะ เป็นผู้เสนอ) -- 4. ร่างพระราชบัญญัติระเบียบข้าราชการกรุงเทพมหานคร และบุคลากรกรุงเทพมหานคร พ.ศ. .... (นายวิชาญ มีนชัยนันท์ กับคณะ เป็นผู้เสนอ) บที่ 2 การพิจารณาในชั้นสภาผู้แทนราษฎร -- 2.1 การพิจารณาของสภาผู้แทนราษฎรวาระที่หนึ่ง (ขั้นรับหลักการ) -- 2.2 การพิจารณาของคณะกรรมาธิการและสภาผู้แทนราษฎรในวาระที่สอง -- 2.3 การพิจารณาของสภาผู้แทนราษฎรในวาระที่สาม การลงมติของสภาผู้แทนราษฎรในวาระที่สาม -- บทที่ 3 สารบบการพิจารณาในชั้นวุฒิสภา -- 3.1 การพิจารณาของวุฒิสภาในวาระที่หนึ่ง -- 3.2 การพิจารณาของคณะกรรมาธิการและวุฒิสภาพิจารณาวาระที่สอง -- 3.3 การพิจารณาของวุฒิสภาในวาระที่สาม -- 3.4 การพิจารณาของสภาผู้แทนราษฎรกรณีวุฒิสภาแก้ไขเพิ่มเติม.
650 4 _aข้าราชการกรุงเทพมหานคร
_963975
653 4 _aบุคลากรกรุงเทพมหานคร
700 0 _aอาริษา เสาวรส
_966459
942 _2local
_cLB
996 _ajidapa.t
_bACQSTF
_c2025-08-13
996 _avaree.k
_bLIBSTF
_c2025-08-14
996 _asaiphon.d
_bCATSTF
_c2025-08-19
999 _c107081
_d107081
998 _j104
_k นางสาวสายฝน ดีงาม